Living in the Shade of Islam (Record no. 19286)

MARC details
000 -LEADER
fixed length control field 00576nam a2200229 a 4500
020 ## - INTERNATIONAL STANDARD BOOK NUMBER
ISBN 1932099867
082 00 - DEWEY DECIMAL CLASSIFICATION NUMBER
Classification number 297.2
Author Cutter BUY
100 ## - MAIN ENTRY--AUTHOR NAME
Author name Buytikcelebi, Ismail
245 ## - TITLE STATEMENT
Title Living in the Shade of Islam
260 ## - PUBLICATION, DISTRIBUTION, ETC. (IMPRINT)
Place of publication New Jersey, USA
Name of publisher Light
Year of publication 2005
300 ## - PHYSICAL DESCRIPTION
Number of Pages 440p
500 ## - GENERAL NOTE
General note includes index and biblioraphy
650 ## - SUBJECT ADDED ENTRY--TOPICAL TERM
Topical Term Islam-Doctrines
942 ## - ADDED ENTRY ELEMENTS (KOHA)
Koha item type Books
700 1# -
-- Buytikcelebi, Ismail
Holdings
Collection code Home library Current library Date acquired Cost, normal purchase price Full call number Accession Number Koha item type
  Henry Martyn Institute Library Henry Martyn Institute Library 04/20/2011 1500.00 297.2 BUY 11002281 Books
                   Copyright © 2026 | Henry Martyn Institute | Hyderabad | TS-500052 | INDIA | Implemented by hmi.edu.in
Hit-Count:

Powered by Koha